मराठ्यांचे संबंधाने चार उद्गार (Record no. 948138)

MARC details
000 -LEADER
fixed length control field 00387nam a2200133Ia 4500
008 - FIXED-LENGTH DATA ELEMENTS--GENERAL INFORMATION
fixed length control field 151001s9999||||xx |||||||||||||| ||und||
100 ## - MAIN ENTRY--PERSONAL NAME
Personal name रा. रा. भागवत
245 ## - TITLE STATEMENT
Title मराठ्यांचे संबंधाने चार उद्गार
250 ## - EDITION STATEMENT
Edition statement 1
260 ## - PUBLICATION, DISTRIBUTION, ETC. (IMPRINT)
Name of publisher, distributor, etc जावजी दादाजी
260 ## - PUBLICATION, DISTRIBUTION, ETC. (IMPRINT)
Date of publication, distribution, etc 1807
300 ## - PHYSICAL DESCRIPTION
Extent 256
365 ## - TRADE PRICE
Price amount 8

No items available.